Responses for Show #3172 - Tuesday, May 19, 1998

Contestants

[<< previous game]

Whitney Babash, a human resource specialist from Reston, Virginia

Jesse Lewis, a copy editor from Fanwood, New Jersey

Trudy Ring, an editor and writer from Burbank, California (whose 2-day cash winnings total $32,402)

[next game >>]

Jeopardy! Round responses

SHORT STORY WRITERS
CATS
ROCK ARTISTS
GUINNESS RECORDS
TOOL TIME
THE "FIFTH"
    $100 1
Edgar Allan Poe

Jesse
    $100 6
Had kittens

Whitney
    $100 11
Eric Clapton

Jesse
    $100 21
Speaker of the House

Jesse
    $100 30
Screwdriver

Whitney
    $100 17
Fifth Amendment

Trudy
    $200 2
O. Henry (William Sydney Porter)

Trudy
    $200 7
Black cat

Whitney
    $200 12
U2

Jesse
    $200 22
the oldest person in the world

Jesse
    $200 29
File

Trudy
    $200 18
Fifth wife

Jesse
    $300 3
Nathaniel Hawthorne

Whitney
    $300 8
Dogs

Jesse
    $300 13
The Eagles

Jesse
    $300 23
The limbo

Whitney
    $800 28
(Whitney: What is a ball-peen hammer?)

a claw hammer

Whitney
    $300 19
Fifth planet from the sun

Trudy
    $400 4
Washington Irving

Trudy
    $400 9
Socks

Jesse
    $400 14
(Jesse: Who is Croft?)

Dash Crofts

TrudyJesse
    $400 24
Airsick bags

Whitney
    $400 27
(Trudy: What is a vise?)

drill

Trudy
Triple Stumper
    $400 20
Fifth column

Jesse
    $500 5
Guy de Maupassant

Whitney
    $500 10
Sir Isaac Newton

Trudy
    $500 15
Marvin Gaye

Jesse
    $500 25
(1 of) Fred Haise, James Lovell or John Swigart

Jesse
    $500 26
Level

Whitney
    $500 16
The Fifth Republic

Trudy

Scores at the first commercial break (after clue 15):

Trudy Jesse Whitney
$1,500 $1,500 $1,100

Scores at the end of the Jeopardy! Round:

Trudy Jesse Whitney
$2,200 $2,900 $1,600

Double Jeopardy! Round responses

MEN IN BLACK
MEN IN GREY
MEN IN WHITE
MEN IN BLUE
MEN IN RED
NO MEN ALLOWED
    $200 16
Will Smith

Whitney
    $200 6
Mark Twain (Samuel Langhorne Clemens)

Whitney
    $200 18
Michael Crichton

Trudy
    $200 11
(the "Bobbies")

London

Trudy
    $200 24
Superman

Jesse
    $200 1
Sorority

Jesse
    $400 17
Marvel

Trudy
    $400 7
"Stonewall"

Whitney
    $400 19
HIV

Whitney
    $400 12
Gendarme

Whitney
    $400 30
Porter

Trudy
    $400 2
(Whitney: Who is Rosie O'Donnell?)

Jenny Jones

Whitney
Triple Stumper
    $600 23
(Whitney: What is a mosquito?)

cricket

Whitney
Triple Stumper
    $600 8
Napoleon

Jesse
    $600 20
Mad Cow Disease

Trudy
    $600 13
(a.k.a. "The Mounties")

Royal Canadian Mounted Police (RCMP)

Whitney
    $600 29
a red diaper baby

Trudy
    $600 3
Synchronized swimming

Whitney
    $800 25
(Alex: With less than a minute to go, Jesse.)

"L"

Triple Stumper
    $800 9
George S. Patton

Trudy
    $400 21
Dr. George Huntington

Trudy
    $800 14
Italy

Jesse
    $800 27
My red shoes

Jesse
    $800 4
Chippendales

Jesse
    $1000 26
Chief Zed (played by Rip Torn)

Whitney
    $2,000 10
George Edward Pickett

Trudy
    $1000 22
William Harvey

Triple Stumper
    $1000 15
Interpol

Whitney
    $1000 28
St. Louis Cardinals

Trudy
    $1000 5
Amazons

Whitney

Scores at the end of the Double Jeopardy! Round:

Trudy Jesse Whitney
$8,800 $6,300 $6,400

[wagering suggestions for these scores]

Final Jeopardy! Round responses

STATE CAPITALS
JesseWhat is Concord
$6,300
WhitneyWhat is Providence, RI
$6,400
TrudyWhat is Philadelp
$4,001
Concord, New Hampshire

Final scores:

Trudy Jesse Whitney
$4,799 $12,600 $0
2nd place: Trip to Gran Hotel Bahia del Duque, Tenerife, Canary Islands New champion: $12,600 3rd place: Nordic Track Ellipse Exercise Machine

Game dynamics:

Coryat scores:

Trudy Jesse Whitney
$8,200 $6,300 $7,200
18 R
(including 2 DDs),
1 W
18 R,
1 W
18 R,
3 W
(including 1 DD)

Combined Coryat: $21,700

[game clues] [game scores] [suggest correction]

Game tape date: Unknown
The J! Archive is created by fans, for fans. Scraping, republication, monetization, and malicious use prohibited; this site may use cookies and collect identifying information. See terms. The Jeopardy! game show and all elements thereof, including but not limited to copyright and trademark thereto, are the property of Jeopardy Productions, Inc. and are protected under law. This website is not affiliated with, sponsored by, or operated by Jeopardy Productions, Inc. Join the discussion at JBoard.tv.